The weight of the yen : (Record no. 13170)

000 -LEADER
fixed length control field 00528cam a2200193 a 4500
020 ## - INTERNATIONAL STANDARD BOOK NUMBER
ISBN 0393038327
040 ## - CATALOGING SOURCE
Transcribing agency DLC
082 00 - DEWEY DECIMAL CLASSIFICATION NUMBER
Classification number 337 W.W 1996 A014 Or.
100 1# - MAIN ENTRY--AUTHOR NAME
Personal name Murphy, R. Taggart.
245 14 - TITLE STATEMENT
Title The weight of the yen :
Remainder of title how denial imperils America's future and ruins an alliance /
250 ## - EDITION STATEMENT
Edition statement 1st ed.
260 ## - PUBLICATION, DISTRIBUTION, ETC. (IMPRINT)
Place of publication New York :
Name of publisher W.W. Norton,
Year of publication c1996.
300 ## - PHYSICAL DESCRIPTION
Number of Pages 352 p. ;
Dimensions 22 cm.
650 #0 - SUBJECT ADDED ENTRY--TOPICAL TERM
Topical Term Investments, Japanese
650 #0 - SUBJECT ADDED ENTRY--TOPICAL TERM
Topical Term Budget deficits
650 #0 - SUBJECT ADDED ENTRY--TOPICAL TERM
Topical Term Stocks
650 #0 - SUBJECT ADDED ENTRY--TOPICAL TERM
Topical Term Loans, Japanese
942 ## - ADDED ENTRY ELEMENTS (KOHA)
Koha item type សៀវភៅភាសាអង់គ្លេស
952 ## - LOCATION AND ITEM INFORMATION (KOHA)
Withdrawn status [LOCAL, KOHA] 0
Holdings
Permanent Location Date acquired Koha item type Lost status Shelving location Barcode Current Location Full call number
Library Block A2017-08-20សៀវភៅភាសាអង់គ្លេស A014A17418Library Block A337 W.W 1996 A014 Or.
មជ្ឈមណ្ឌលឯការនៃសាកលវិទ្យាល័យភូមិន្ទកសិកម្មចំការដូង

Powered by Koha